| 000 | 00588nam a2200217 i 4500 | ||
|---|---|---|---|
| 001 | bg | ||
| 100 | 1 | _aMARTYNIUK, Teresa | |
| 245 | 1 | 0 |
_aRzeczowy majątek trwały : _bwycena i ewidencja / _cTeresa Martyniuk. |
| 260 |
_aGdańsk : _bOśrodek Doradztwa i Doskonalenia Kadr, _c[1998]. |
||
| 300 |
_a206 s. : _bil. ; _c24 cm. |
||
| 504 | _aBibliogr. | ||
| 650 | 9 | _aMajątek trwały | |
| 655 | _aPodręczniki | ||
| 020 | _a8371871007 | ||
| 040 | _cBPK | ||
| 041 | 0 | _apol | |
| 080 | _a658.2(07) | ||
| 920 | _a83-71871-00-7 | ||
| 942 | _cKS | ||
| 008 | s pl f |000 0 pol | ||
| 999 |
_c35402 _d35402 |
||
| 856 |
_uhttp://koha.tu.koszalin.pl/cgi-bin/koha/opac-detail.pl?biblionumber=35402 _yKatalog online BPK |
||